Aap Ke masail aur un ka hal Vol-5 (Record no. 63237)

000 -LEADER
fixed length control field 00525nam a22001697a 4500
003 - CONTROL NUMBER IDENTIFIER
control field NUST - PNEC
005 - DATE AND TIME OF LATEST TRANSACTION
control field 20170116180807.0
008 - FIXED-LENGTH DATA ELEMENTS--GENERAL INFORMATION
fixed length control field 150219b xxu||||| |||| 00| 0 eng d
040 ## - CATALOGING SOURCE
Transcribing agency LIBRARY
082 ## - DEWEY DECIMAL CLASSIFICATION NUMBER
Classification number 297.7 YOU
100 ## - MAIN ENTRY--PERSONAL NAME
9 (RLIN) 1410
Personal name Yusuf, Muhammad Ludhyanvi
245 ## - TITLE STATEMENT
Title Aap Ke masail aur un ka hal Vol-5
Statement of responsibility, etc. Maulana Muhammad Yousuf Ludhyanvi
260 ## - PUBLICATION, DISTRIBUTION, ETC.
Place of publication, distribution, etc. Karachi :
Name of publisher, distributor, etc. Muktaba Beenat Alama Banoori Town, Karachi,
Date of publication, distribution, etc. c1994
300 ## - PHYSICAL DESCRIPTION
Extent 456 p. :
Dimensions 22 cm.
650 ## - SUBJECT ADDED ENTRY--TOPICAL TERM
9 (RLIN) 1409
Topical term or geographic name entry element Fatwa, Masail, Islam
942 ## - ADDED ENTRY ELEMENTS (KOHA)
Source of classification or shelving scheme
Koha item type Book
Holdings
Withdrawn status Lost status Source of classification or shelving scheme Damaged status Not for loan Permanent Location Current Location Shelving location Date acquired Source of acquisition Cost, normal purchase price Total Checkouts Full call number Barcode Date last seen Cost, replacement price Price effective from Koha item type
          Pakistan Navy Engineering College (PNEC) Pakistan Navy Engineering College (PNEC)     Donated 150.00   297.7 YOU PNECLIB-017998 04/23/2015 150.00   Book
© 2023 Central Library, National University of Sciences and Technology. All Rights Reserved.